000 01140nam a2200301 i 4500
001 000007569
003 DO-SdBNP
005 20240520141130.0
007 ta
008 090909s199? dr abc 000 0 spa d
040 _aDO-SdBNP
_bspa
_cBNPHU
_erda
082 4 _a577
_bM313r
_222
100 1 _aMarcano Fondeur, Eugenio de Jesús,
_d1923-
_921007
_eautor
245 1 0 _aRuta ecológica de la provincia Monseñor Nouel /
_cEugenio de Jesús Marcano Fondeur ; presentación, Enrique W. Lithgow.
264 _aSanto Domingo :
_bPrográfica,
_c199-?.
300 _a83 páginas :
_bilustraciones, mapas, retratos ;
_c24 cm.
336 _2rdacontent
_atexto
_btxt
337 _2rdamedia
_asin mediación
_bn
338 _2rdacarrier
_avolumen
_bnc
590 _aLa biblioteca posee un ejemplar autografiado por el autor.
590 _aInventariado, 2020/BT
650 4 _aEcología forestal
_zRepública Dominicana, Monseñor Nouel
_921008
650 4 _aFlora dominicana
_921009
650 4 _aBosques tropicales
_99604
700 1 _aLithgow, Enrique W.,
_921010
_epresentación
910 _aValidado. Control de calidad MMOLINA
942 _2ddc
_cLBS1
999 _c7350
_d7350